000 00433nam a22001817a 4500
003 MPLRDC
005 20220104164003.0
008 210129b ||||| |||| 00| 0 eng d
020 _a0-330-02616-X
082 _a870.57 GAR
100 _aERLE STANLEY GARDNER
245 _aTHE CASE OF THE BLONDE BONANZA
_c
250 _a第一版
260 _a
_bPAN BOOKS LTD
_c1967
300 _b
650 _a
942 _cBK
_o870.57 GAR
999 _c56736
_d56726